<?xml version="1.0" encoding="UTF-8"?>
<collection xmlns="http://www.loc.gov/MARC21/slim">
<record>
  <controlfield tag="001">209311</controlfield>
  <controlfield tag="005">20251014152133.0</controlfield>
  <datafield tag="024" ind1="7" ind2=" ">
    <subfield code="2">Laufende Nummer</subfield>
    <subfield code="a">32137</subfield>
  </datafield>
  <datafield tag="024" ind1="7" ind2=" ">
    <subfield code="2">URN</subfield>
    <subfield code="a">urn:nbn:de:hbz:82-opus-44845</subfield>
  </datafield>
  <datafield tag="024" ind1="7" ind2=" ">
    <subfield code="2">HSB</subfield>
    <subfield code="a">999910296079</subfield>
  </datafield>
  <datafield tag="024" ind1="7" ind2=" ">
    <subfield code="2">OPUS</subfield>
    <subfield code="a">4484</subfield>
  </datafield>
  <datafield tag="037" ind1=" " ind2=" ">
    <subfield code="a">RWTH-CONV-143485</subfield>
  </datafield>
  <datafield tag="041" ind1=" " ind2=" ">
    <subfield code="a">English</subfield>
  </datafield>
  <datafield tag="082" ind1=" " ind2=" ">
    <subfield code="a">620</subfield>
  </datafield>
  <datafield tag="100" ind1="1" ind2=" ">
    <subfield code="0">P:(DE-82)149835</subfield>
    <subfield code="a">Pecanac, Goran</subfield>
    <subfield code="b">0</subfield>
    <subfield code="e">Author</subfield>
  </datafield>
  <datafield tag="245" ind1=" " ind2=" ">
    <subfield code="a">Thermo-mechanical investigations and predictions for oxygen transport membrane materials</subfield>
    <subfield code="c">vorgelegt von Goran Pećanac</subfield>
    <subfield code="h">online, print</subfield>
  </datafield>
  <datafield tag="246" ind1=" " ind2="3">
    <subfield code="a">Thermomechanische Untersuchungen und Vorhersagen für Sauerstofftransportmembran-Materialien</subfield>
    <subfield code="y">German</subfield>
  </datafield>
  <datafield tag="260" ind1=" " ind2=" ">
    <subfield code="a">Aachen</subfield>
    <subfield code="b">Publikationsserver der RWTH Aachen University</subfield>
    <subfield code="c">2013</subfield>
  </datafield>
  <datafield tag="300" ind1=" " ind2=" ">
    <subfield code="a">142 S. : Ill., graph. Darst.</subfield>
  </datafield>
  <datafield tag="336" ind1="7" ind2=" ">
    <subfield code="0">PUB:(DE-HGF)11</subfield>
    <subfield code="2">PUB:(DE-HGF)</subfield>
    <subfield code="a">Dissertation / PhD Thesis</subfield>
    <subfield code="b">phd</subfield>
    <subfield code="m">phd</subfield>
  </datafield>
  <datafield tag="336" ind1="7" ind2=" ">
    <subfield code="0">2</subfield>
    <subfield code="2">EndNote</subfield>
    <subfield code="a">Thesis</subfield>
  </datafield>
  <datafield tag="336" ind1="7" ind2=" ">
    <subfield code="2">DRIVER</subfield>
    <subfield code="a">doctoralThesis</subfield>
  </datafield>
  <datafield tag="336" ind1="7" ind2=" ">
    <subfield code="2">BibTeX</subfield>
    <subfield code="a">PHDTHESIS</subfield>
  </datafield>
  <datafield tag="336" ind1="7" ind2=" ">
    <subfield code="2">DataCite</subfield>
    <subfield code="a">Output Types/Dissertation</subfield>
  </datafield>
  <datafield tag="336" ind1="7" ind2=" ">
    <subfield code="2">ORCID</subfield>
    <subfield code="a">DISSERTATION</subfield>
  </datafield>
  <datafield tag="500" ind1=" " ind2=" ">
    <subfield code="a">Zsfassung in dt. und engl. Sprache</subfield>
  </datafield>
  <datafield tag="502" ind1=" " ind2=" ">
    <subfield code="a">Aachen, Techn. Hochsch., Diss., 2013</subfield>
    <subfield code="g">Fak05</subfield>
    <subfield code="o">2013-01-28</subfield>
  </datafield>
  <datafield tag="520" ind1="3" ind2=" ">
    <subfield code="a">Eine der effizientesten Wege zur Umsetzung des Oxy-fuel-Prozesses ist die Verwendung keramischer, sauerstoffleitender Membrane zur Sauerstoffabtrennung. Der Oxy-fuel-Prozess führt zu deutlich niedrigeren Wirkungsgradverlusten im Vergleich zur konventionellen kryogenischen Abtrennungstechnologie. Aufgrund der aus der Sauerstoffpartialdruckdifferenz resultierenden Triebkraft wird Sauerstoff über Leerstellen im Kristallgitter der Membran transportiert. Dünne, durch ein poröses Substrat unterstützte, Membraneschichten werden als effizienteste Designumsetzung angesehen. Das poröse Substrat gewährleistet hierbei die mechanische Stabilität der gesamten Membranstruktur. Die Betriebstemperatur ist relativ hoch, da die Freisetzung von Sauerstoffatomen aus dem Gitter bei erhöhten Temperaturen den Transportprozess unterstützt. Aufgrund ihrer vorteilhaften Transporteigenschaften, einer essentiellen funktionalen Voraussetzung, wurden verschiedene Materialien als vielversprechendes Membran- und Substratmaterial vorgeschlagen, im Einzelnen: Ba0.5Sr0.5Co0.8Fe0.2O3-d, La0.58Sr0.4Co0.2Fe0.8O3-d, Ce0.9Gd0.1O1.95-d und als alternatives Substratmaterial, die neuartige Fe21Cr7Al1Mo0.5Y Legierung. Zielsetzung der vorliegenden Studie ist die thermo-mechanische Charakterisierung und der Vergleich dieser Materialien. Fundamentale mechanische Charakteristika wie elastisches Verhalten und Versagenseigenschaften wurden ermittelt, um die Langzeitfunktionalität der Materialien sicherzustellen. Die Langzeitverlässlichkeit hängt jedoch nicht nur von der anfänglichen Festigkeit ab, sondern auch von Festigkeitsdegradationseffekten. Insbesondere wurde die Empfindlichkeit für Umgebungsmedium unterstütztes Risswachstum bei unterkritischen Spannungsniveaus betrachtet und als Basis für eine Festigkeits-Wahrscheinlichkeits-Zeit Lebensdauervorhersage verwendet. Da bei betriebsrelevanten (erhöhten) Temperaturen Langzeitversagen aufgrund von Kriecheffekten möglich ist, wurden Kriechverhalten und Kriechversagenszeit charakterisiert. Zusätzlich wurden die mechanischen Belastungsgrenzen der dünnen Membranschicht und ihr Effekt auf die Substratstabilität betrachtet. Unterstützende numerische Simulationen zur Analyse der experimentell bestimmten mechanischen Eigenschaften wurden durchgeführt, da analytische Standardgleichungen (ASTM C 1499) auf ebene Einzelschicht-Proben begrenzt sind. Die hauptsächlich experimentell basierte Arbeit wurde zusätzlich durch numerische Simulationen unterstützt, um das Membrandesign zu optimieren und den Effekt der letztendlichen geometrischen Membanstrukturumsetzung (planar oder tubular) und des Schichtdickenverhältnisses zu erfassen.</subfield>
    <subfield code="l">ger</subfield>
  </datafield>
  <datafield tag="520" ind1=" " ind2=" ">
    <subfield code="a">One of the most efficient ways to realize an Oxy-fuel process is the utilization of ceramic oxygen transport membranes (OTMs) for air separation, since this process provides a significantly lower efficiency loss compared to conventional cryogenic separation technologies. Driven by the difference in oxygen partial pressure, the oxygen transport takes place via oxygen vacancies in the crystal lattice of the membrane. Thin membrane layers supported by a porous substrate are considered as the most efficient design solution for such air separation units. The porous substrate should provide mechanical stability of the entire membrane structure. The operational temperatures are rather high, since the release of oxygen atoms from the lattice at elevated temperatures aids the transport processes. Due to their favorable permeation properties, which are an essential functional prerequisite, several materials were suggested as promising membrane and substrate materials, namely: Ba0.5Sr0.5Co0.8Fe0.2O3-d, La0.58Sr0.4Co0.2Fe0.8O3-d, Ce0.9Gd0.1O1.95-d and as alternative substrate material, the novel Fe21Cr7Al1Mo0.5Y alloy. The current study aims at the thermo-mechanical characterization and comparison of those materials. Fundamental mechanical characteristics such as elastic behavior and fracture properties were evaluated to warrant the long-term functionality of these materials. However, the long-term reliability of the component does not only depend on its initial strength, but also on strength degradation effects. In particular, the sensitivity to environmentally enhanced crack propagation at subcritical stress levels was assessed and also used as a basis for a strength–probability–time lifetime prediction. Creep behavior and time to rupture were characterized, since at operation relevant (elevated) temperatures long-term failure may occur due to creep damage. The mechanical limit of the thin membrane layer and its effect on the stability of the substrate material was also addressed. Complementary numerical simulations were carried out to permit an assessment of the experimentally obtained mechanical characteristics since standard analytical relationships (ASTM C 1499) are limited to flat mono-layer specimens. The mainly experimentally based work was additionally supported by numerical simulations to assess the effects of the final membrane´s geometrical arrangement (i.e. tubular and planar) and thickness ratios of particular layers, in order to optimize the membrane design.</subfield>
    <subfield code="l">eng</subfield>
  </datafield>
  <datafield tag="591" ind1=" " ind2=" ">
    <subfield code="a">Germany</subfield>
  </datafield>
  <datafield tag="650" ind1=" " ind2="7">
    <subfield code="2">SWD</subfield>
    <subfield code="a">Thermomechanische Eigenschaft</subfield>
  </datafield>
  <datafield tag="650" ind1=" " ind2="7">
    <subfield code="2">SWD</subfield>
    <subfield code="a">Bruchfestigkeit</subfield>
  </datafield>
  <datafield tag="650" ind1=" " ind2="7">
    <subfield code="2">SWD</subfield>
    <subfield code="a">Lebensdauer</subfield>
  </datafield>
  <datafield tag="650" ind1=" " ind2="7">
    <subfield code="2">SWD</subfield>
    <subfield code="a">Finite-Elemente-Methode</subfield>
  </datafield>
  <datafield tag="650" ind1=" " ind2="7">
    <subfield code="2">SWD</subfield>
    <subfield code="a">Kriechen</subfield>
  </datafield>
  <datafield tag="650" ind1=" " ind2="7">
    <subfield code="2">SWD</subfield>
    <subfield code="a">Membran</subfield>
  </datafield>
  <datafield tag="653" ind1=" " ind2="7">
    <subfield code="a">Ingenieurwissenschaften</subfield>
  </datafield>
  <datafield tag="653" ind1=" " ind2="7">
    <subfield code="2">ger</subfield>
    <subfield code="a">Membranen</subfield>
  </datafield>
  <datafield tag="653" ind1=" " ind2="7">
    <subfield code="2">ger</subfield>
    <subfield code="a">langsames Risswachstum</subfield>
  </datafield>
  <datafield tag="653" ind1=" " ind2="7">
    <subfield code="2">eng</subfield>
    <subfield code="a">membranes</subfield>
  </datafield>
  <datafield tag="653" ind1=" " ind2="7">
    <subfield code="2">eng</subfield>
    <subfield code="a">subcritical crack growth</subfield>
  </datafield>
  <datafield tag="653" ind1=" " ind2="7">
    <subfield code="2">eng</subfield>
    <subfield code="a">fracture strength</subfield>
  </datafield>
  <datafield tag="653" ind1=" " ind2="7">
    <subfield code="2">eng</subfield>
    <subfield code="a">creep</subfield>
  </datafield>
  <datafield tag="653" ind1=" " ind2="7">
    <subfield code="2">eng</subfield>
    <subfield code="a">finite element method</subfield>
  </datafield>
  <datafield tag="653" ind1=" " ind2="7">
    <subfield code="2">eng</subfield>
    <subfield code="a">failure</subfield>
  </datafield>
  <datafield tag="700" ind1="1" ind2=" ">
    <subfield code="0">P:(DE-82)IDM01039</subfield>
    <subfield code="a">Schneider, Jochen M.</subfield>
    <subfield code="b">1</subfield>
    <subfield code="e">Thesis advisor</subfield>
  </datafield>
  <datafield tag="856" ind1="4" ind2=" ">
    <subfield code="u">http://publications.rwth-aachen.de/record/209311/files/4484.pdf</subfield>
  </datafield>
  <datafield tag="909" ind1="C" ind2="O">
    <subfield code="o">oai:publications.rwth-aachen.de:209311</subfield>
    <subfield code="p">VDB</subfield>
    <subfield code="p">driver</subfield>
    <subfield code="p">urn</subfield>
    <subfield code="p">open_access</subfield>
    <subfield code="p">openaire</subfield>
    <subfield code="p">dnbdelivery</subfield>
  </datafield>
  <datafield tag="915" ind1=" " ind2=" ">
    <subfield code="0">StatID:(DE-HGF)0510</subfield>
    <subfield code="2">StatID</subfield>
    <subfield code="a">OpenAccess</subfield>
  </datafield>
  <datafield tag="920" ind1="1" ind2=" ">
    <subfield code="0">I:(DE-82)521110_20140620</subfield>
    <subfield code="k">521110</subfield>
    <subfield code="l">Lehrstuhl für Werkstoffchemie</subfield>
    <subfield code="x">0</subfield>
  </datafield>
  <datafield tag="920" ind1="1" ind2=" ">
    <subfield code="0">I:(DE-82)520000_20140620</subfield>
    <subfield code="k">520000</subfield>
    <subfield code="l">Fachgruppe für Metallurgie und Werkstofftechnik</subfield>
    <subfield code="x">1</subfield>
  </datafield>
  <datafield tag="970" ind1=" " ind2=" ">
    <subfield code="a">HT017600678</subfield>
  </datafield>
  <datafield tag="980" ind1="1" ind2=" ">
    <subfield code="a">FullTexts</subfield>
  </datafield>
  <datafield tag="980" ind1=" " ind2=" ">
    <subfield code="a">phd</subfield>
  </datafield>
  <datafield tag="980" ind1=" " ind2=" ">
    <subfield code="a">I:(DE-82)521110_20140620</subfield>
  </datafield>
  <datafield tag="980" ind1=" " ind2=" ">
    <subfield code="a">I:(DE-82)520000_20140620</subfield>
  </datafield>
  <datafield tag="980" ind1=" " ind2=" ">
    <subfield code="a">VDB</subfield>
  </datafield>
  <datafield tag="980" ind1=" " ind2=" ">
    <subfield code="a">UNRESTRICTED</subfield>
  </datafield>
  <datafield tag="980" ind1=" " ind2=" ">
    <subfield code="a">ConvertedRecord</subfield>
  </datafield>
  <datafield tag="980" ind1=" " ind2=" ">
    <subfield code="a">FullTexts</subfield>
  </datafield>
</record>
</collection>